Statistics for Former country or fake?

Click here to take the quiz!

General Stats

  • This quiz has been taken 56 times
  • The average score is 6 of 12

Answer Stats

QuestionAnswer% Correct
Holy Roman KhanateFake
68%
Kalmar UnionFormer
68%
Kingdom of Setul Mambang SegaraFormer
63%
Kyber RougeFake
56%
GreenlandFake
51%
Commune of the Working People of EstoniaFormer
51%
Kingdom of PowysFormer
49%
Second East Turkestan RepublicFormer
41%
Polish-Latvian commonwealthFake
37%
Persian Soviet Socialist RepublicFormer
32%
Free State of BottleneckFormer
27%
Limerick SovietFormer
17%

Score Distribution

Percentile by Number Answered

Percent of People with Each Score

Your Score History

You have not taken this quiz